Geopolitique de l'Europe / (Record no. 110381)

MARC details
000 -LEADER
campo de control de longitud fija 01440cam a2200397Ia 4500
001 - NÚMERO DE CONTROL
campo de control 46685
005 - FECHA Y HORA DE LA ÚLTIMA TRANSACCIÓN
campo de control 20230411085958.0
008 - DATOS DE LONGITUD FIJA--INFORMACIÓN GENERAL
campo de control de longitud fija 020418s2009 fr 001 0 fre d
035 ## - NÚMERO DE CONTROL DEL SISTEMA
Número de control de sistema (OCoLC)ocn470583784
040 ## - FUENTE DE CATALOGACIÓN
Centro catalogador/agencia de origen BDF
Lengua de catalogación fre
Centro/agencia transcriptor BDF
015 ## - NÚMERO DE BIBLIOGRAFÍA NACIONAL
Número de bibliografía nacional 00938727
Fuente bnf
016 7# - NÚMERO DE CONTROL DE UNA AGENCIA BIBLIOGRÁFICA NACIONAL
Número de control del registro FRBNF420075020000001
Fuente FrPBN
020 ## - NÚMERO INTERNACIONAL ESTÁNDAR DEL LIBRO
Número Internacional Estándar del Libro 9782301000392 (br)
020 ## - NÚMERO INTERNACIONAL ESTÁNDAR DEL LIBRO
Número Internacional Estándar del Libro 2301000397 (br)
029 1# - OTRO NÚMERO DE CONTROL DE SISTEMA (OCLC)
Identificador de la biblioteca OCLC ZWZ
Número de control de sistema 134385381
035 ## - NÚMERO DE CONTROL DEL SISTEMA
Número de control de sistema (OCoLC)470583784
082 1# - NÚMERO DE LA CLASIFICACIÓN DECIMAL DEWEY
Número de clasificación 320.120 94
Número de edición 22
049 ## - FONDOS LOCALES (OCLC)
Biblioteca depositaria GRAL
100 1# - ENTRADA PRINCIPAL--NOMBRE DE PERSONA
Nombre de persona Dumont, Gerard-Francois,
Fechas asociadas al nombre 1948-.
245 10 - MENCIÓN DEL TÍTULO
Título Geopolitique de l'Europe /
Mención de responsabilidad, etc. Gerard-Francois Dumont, Pierre Verluise.
260 ## - PUBLICACIÓN, DISTRIBUCIÓN, ETC.
Lugar de publicación, distribución, etc. Paris :
Nombre del editor, distribuidor, etc. Ed. Sedes,
Fecha de publicación, distribución, etc. impr. 2009
Lugar de fabricación/manufactura (impr. en Belgique)
300 ## - DESCRIPCIÓN FÍSICA
Extensión 319 p. :
Otras características físicas ill., couv. ill. en coul. ;
Dimensiones 25 cm.
490 0# - MENCIÓN DE SERIE
Mención de serie Collection Impulsion : prâepas
500 ## - NOTA GENERAL
Nota general Notes bibliogr. Index.
650 #7 - PUNTO DE ACCESO ADICIONAL DE MATERIA--TÉRMINO DE MATERIA
Término de materia o nombre geográfico como elemento de entrada Identitâe collective
Subdivisión geográfica Europe
Subdivisión general Histoire.
Fuente del encabezamiento o término ram
651 #7 - PUNTO DE ACCESO ADICIONAL DE MATERIA--NOMBRE GEOGRÁFICO
Nombre geográfico Europe
Subdivisión general Unitâe
Subdivisión cronológica 1945-....
Fuente del encabezamiento o término ram
651 #7 - PUNTO DE ACCESO ADICIONAL DE MATERIA--NOMBRE GEOGRÁFICO
Nombre geográfico Pays de l'Union europâeenne
Subdivisión general Relations extâerieures
Subdivisión cronológica 1990-....
Fuente del encabezamiento o término ram
700 1# - ENTRADA AGREGADA--NOMBRE PERSONAL
Nombre de persona Verluise, Pierre.
Relación aut
760 0# - ENLACE A UNA SERIE PRINCIPAL
Título Impulsion (Paris. 2007),
Lugar, editor y fecha de publicación 2009
Número Internacional Normalizado para Publicaciones Seriadas 2101-0900
Número de control del registro (FrPBN)41450291
856 42 - LOCALIZACIÓN Y ACCESO ELECTRÓNICOS
Materiales especificados Notice et cote du catalogue de la Bibliotháeque nationale de France
Identificador Uniforme de Recursos <a href="http://catalogue.bnf.fr/ark:/12148/cb42007502h">http://catalogue.bnf.fr/ark:/12148/cb42007502h</a>
886 1# - INFORMACIÓN DE CAMPO MARC FORÁNEO
2 intermrc
a 009
b a--dh-us-----------
886 2# - INFORMACIÓN DE CAMPO MARC FORÁNEO
2 intermrc
a 680
b 0-
a 320
b 320
942 ## - ELEMENTOS DE ENTRADA SECUNDARIOS (KOHA)
Fuente del sistema de clasificación o colocación Clasificación de Library of Congress
Tipo de ítem Koha
994 ## -
-- C0
-- DRFGD
946 ## - PROCESAMIENTO DE INFORMACIÓN LOCAL (OCLC)
a YSL
Holdings
Estatus retirado Estado de pérdida Fuente del sistema de clasificación o colocación Estado de daño No para préstamo Colección Biblioteca de origen Biblioteca actual Ubicación en estantería Fecha de adquisición Código de barras Visto por última vez Copia número Tipo de ítem Koha
    Clasificación de Library of Congress     Automatización y Procesos Técnicos Biblioteca Juan Bosch Biblioteca Juan Bosch Automatización y Procesos Técnicos (1er. Piso) 11/04/2023 00000075483 17/02/2019 1